| 000 | 01376 a2200253 4500 | ||
|---|---|---|---|
| 003 | Nust | ||
| 005 | 20170207153558.0 | ||
| 010 | _a 2004044755 | ||
| 020 | _a9788131723227 | ||
| 040 | _cNust | ||
| 082 | 0 | 0 | _a512.5 |
| 100 | 1 | _aKolman, Bernard, | |
| 245 | 1 | 0 |
_aIntroductory linear algebra : _ban applied first course / _cBernard Kolman, David R. Hill. |
| 250 | _a8th ed. | ||
| 260 |
_aUpper Saddle River, N.J. : _bPearson/Prentice Hall, _cc2005. |
||
| 300 |
_a1 v. (various pagings) : _bill. ; _c26 cm. |
||
| 500 | _aIncludes index. | ||
| 500 | _aRev. ed. of: Introductory linear algebra with applications. 7th ed. c2001. | ||
| 505 | _aLinear Equation and Matrices (Page-1) Applications of Linear Equations and Matrices Optional (Page-119) Determinates (Page-182) Vectors in Rn (Page-214) Applications of Vectors in R2 and R3 Options (Page-259) Real Vector Space (Page-272) Applications of Real Vector Spaces Optional (Page-375) Eigen values ,Eigenvectors and Diagonlization (Page-408) Applications of Eigen values and Eigenvectors (Page-447) Linear Transformation and Matrices (Page-502) Cumulative Re3view of Introductory Linear Algebra (Page-555) Linear Programming Optional (Page-558) Matlab for Linear Algebra (Page-615) | ||
| 538 | _aAlmirah No.11 Shelf No.3 | ||
| 650 | 0 | _aAlgebras, Linear. | |
| 700 | 1 |
_aHill, David R. _d1943- |
|
| 700 | 1 |
_aKolman, Bernard, _d1932- |
|
| 942 |
_2ddc _cBK |
||
| 999 |
_c189190 _d189190 |
||